00972nam a2200253Ia 450000500170000000800410001702000310005802000310008902000180012004000550013804100080019310000260020124500720022725000110029926000630031030000240037350501000039765000530049765000380055065000200058865000430060865000440065170000230069520220811111100.0130821s2022 xxua gr eng  a9781597183611 (2a.Ed. V.1) a9781597183628 (2a.Ed. V.2) a9781597180733 aCo-BoUCMbspacDeissy Garcia (modificó)d[Nuevo]00aeng1 aCameron, Adrian Colin10aMicroeconometrics using statacA. Colin Cameron y Pravin K. Trivedi a2a.Ed. aNueva York (Estados Unidos)bStata Press Publicationc2022 avolúmenesbtablas rV.1. Cross-sectional and panel regression met -- V.2. Nonlinear models and causal inference me.04aAnálisis de regresiónvModelos matemáticos04aEconomíavModelos matemáticos04aMicroeconomía04aMicroeconomíavModelos matemáticos04aMicroeconomíaxProcesamiento de datos1 aTrivedi, Pravin K.